Organizaciones, estructura y proceso (Registro nro. 2514)

Detalles MARC
000 -LEADER
fixed length control field 01012 a2200205 4500
001 - CONTROL NUMBER
control field 34961
005 - DATE AND TIME OF LATEST TRANSACTION
control field 20260407155634.0
008 - FIXED-LENGTH DATA ELEMENTS--GENERAL INFORMATION
fixed length control field 260407a1976 arg spa d
003 - CONTROL NUMBER IDENTIFIER
control field AR-UNSa-BCEJYS
040 ## - CATALOGING SOURCE
Original cataloging agency AR-UNSa-BCEJYS
Language of cataloging spa
Transcribing agency AR-UNSa-BCEJYS
080 ## - UNIVERSAL DECIMAL CLASSIFICATION NUMBER
Universal Decimal Classification number 658.012.32
Common auxiliary subdivision Formas de organización, de gestión
100 1# - MAIN ENTRY--PERSONAL NAME
Personal name Hall, Richard H.
245 10 - TITLE STATEMENT
Title Organizaciones, estructura y proceso
264 #1 - PRODUCTION, PUBLICATION, DISTRIBUTION, MANUFACTURE, AND COPYRIGHT NOTICE
Place of production, publication, distribution, manufacture Bogotá :
Name of producer, publisher, distributor, manufacturer Prentice/Hall Internacional
Date of production, publication, distribution, manufacture, or copyright notice 1976
300 ## - PHYSICAL DESCRIPTION
Extent 331 p.
Dimensions 23 cm.
505 ## - FORMATTED CONTENTS NOTE
Formatted contents note Parte I: La naturaleza de las organizaciones: 1. Introducción - 2. Tipos de organizaciones - 3. Metas y efectividad - Parte II : Estructura organizacional: 4. Tamaño organizacional - 5. Complejidad - 6. Formalización - 7. Poder y conflicto - 8. Liderazgo y toma de decisiones - 9. Comunicaciones - Parte IV: Organizaciones y sociedades : 10. El medio externo y la organizacion - 11. Organizaciones y cambio social
590 ## - LOCAL NOTE (RLIN)
Local note niveau_biblio:m niveau_hierar:0
700 1# - ADDED ENTRY--PERSONAL NAME
Personal name Feferbaum, Stella de
942 ## - ADDED ENTRY ELEMENTS (KOHA)
Koha item type
Existencias
Withdrawn status Lost status Damaged status Not for loan Home library Current library Shelving location Date acquired Total checkouts Full call number Barcode Date last seen Price effective from Koha item type
        Biblioteca Prof. Eusebio Cleto del Rey Biblioteca Prof. Eusebio Cleto del Rey   07/04/2026   658.012.32 H174 L13484 07/04/2026 07/04/2026 Libro
        Biblioteca Prof. Eusebio Cleto del Rey Biblioteca Prof. Eusebio Cleto del Rey   07/04/2026   658.012.32 H174 L13494 07/04/2026 07/04/2026 Libro